Therapy from Tick, Tick... Boom! Lyrics - Statistics

General Stats
  • This quiz has been taken 64 times
  • The average score is 343 of 399
Answer Stats
Hint Answer % Correct
a
100%
| Jon | Susan I
100%
said
100%
Jon + Susan Said
100%
what
100%
you
100%
Jon You
100%
able
97%
about
97%
Jon About
97%
bad
97%
be
97%
being
97%
feel
97%
feeling
97%
me
97%
No
97%
not
97%
share
97%
that
97%
to
97%
Jon | Suan | Susan If
95%
if
95%
in
95%
thought
92%
my
89%
reaction
89%
revealing
89%
your
89%
more
86%
sharing
86%
thoughts
86%
was
86%
would
86%
and
84%
been
84%
have
84%
the
84%
Susan The
84%
hadn't
81%
Then
81%
we
81%
do
78%
mad
78%
go
76%
Jon + Susan Go
76%
got
76%
maybe
76%
now
76%
Jon + Susan | Susan Now
76%
of
76%
problem
76%
should
76%
when
76%
Jon | Susan When
76%
afraid
73%
co-dependency
73%
Jon | Jon + Susan | Susan I'm
73%
intimacy
73%
told
73%
with
73%
you'd
73%
did
70%
don't
70%
get
70%
problem's
70%
ring
70%
wrong
70%
dead
68%
drop
68%
know
68%
out
68%
Jon | Susan say
68%
simply
68%
too
68%
were
68%
I'd
65%
it's
65%
late
65%
meant
65%
open
65%
rest
65%
so
65%
some
65%
therapy
65%
Susan Yes
65%
a.m.
62%
done
62%
just
62%
let's
62%
tomorrow
62%
4
59%
badly
59%
chest
59%
didn't
59%
knew
59%
off
59%
adored
57%
having
57%
Jon Having
57%
screw
57%
gave
54%
Jon | Susan But
51%
Jon Reacted
49%
reacted
49%
bored
41%
Rings
41%
shallowly
38%
bring
35%
rang
35%
thing
35%
No matching quizzes found
Score Distribution
Percent of People with Each Score
Percentile by Number Answered
Your Score History
You have not taken this quiz